000 00685nam a2200241Ia 4500
003 OSt
005 20220926012038.0
006 a|||||r|||| 00| 0
007 ta
008 220923b |||||||| |||| 00| 0 eng d
037 _cGeneral Book
040 _aRTL
_cRTL
_beng
041 _2eng
_aeng
082 _aY7:6, K9
100 _aManr Lucy
_9315435
245 0 _aAnthropology and social change
260 _aNew York
_bAthlone Press
_c1969
300 _a203p
_ccm.
490 _aLondon School of Economics, Monographs on Social Anthropology. Ed by Anthony Forge.38
650 _aRace
942 _hY7:6, K9
_cGB
_2CC
999 _c621585
_d621585